00989cam a22002774a 45000010008000000030005000080050017000130080041000300100017000710350020000880400013001080430012001210500026001330820017001591000038001762450052002142600055002663000047003215040064003685460013004326000039004456510038004848800039005228800071005618800079006329475448NUST20171023123238.0891207s1973 pk af b 001 0 urdo  a 73930380  a(OCoLC)20748024 aDLCcDLC aa-ii---00aPK2199.I65bZ868 1973 a891.431bSAH0 aṢahbā Lakhnavī,d1919-2002.10aIqbāl aur Bhūpāl /cṢahbā Lakhnavī. aLahore :bIqbāl Akādmī, Pākistān,c2000. a408 p., [8] p. of plates :bill. ;c25 cm. aIncludes bibliographical references (p. 301-302) and index. aIn Urdu.10aIqbal, Muhammad,cSir,d1877-1938. 0aBhopal (Princely State)xHistory. 6100-01\(3\raصہبا لکھنوی 6245-02\(3\raاقبال اور بھوپالcصہبا لکھنوی 6260-03\(3\raلاہور:bاقبال اکیڈیمی پاکستان،c2000